000 00433nam a2200181Ia 4500
005 20240823043402.0
008 240823s9999||||xx |||||||||||||| ||und||
041 _aENGLISH
082 _A174.4 P5
100 _aBhaskar S
245 0 _aProfessional Ethics and Human Values
250 _a1st
260 _c2005
_b"Anuradha Agencies,Kumba"
500 _aTRANSFERED
650 _aEthics
_bGeneral
942 _cBK
999 _c210113
_d210113